Pla de gestió i desenvolupament del Parc Agrari del Baix Llobregat
ISBN:
84-933586-2-2
Descripción Física:
69 p. : quadres ; 30 cm
MARC
| LEADER | 00000nam a2200000Ia 4500 | ||
|---|---|---|---|
| 001 | 16581 | ||
| 008 | 160829s9999 xx 000 0 cat d | ||
| 020 | |a 84-933586-2-2 | ||
| 080 | |a C-2-352 | ||
| 110 | 1 | |a Parc Agrari del Baix Llobregat (Catalunya) |9 8529 | |
| 245 | |a Pla de gestió i desenvolupament del Parc Agrari del Baix Llobregat | ||
| 260 | |a Sant Feliu de Llobregat : |b Consorci del Parc Agrari del Baix Llobregat, DL 2004 | ||
| 300 | |a 69 p. : |b quadres ; |c 30 cm | ||
| 650 | |a Parc Agrari del Baix Llobregat |x Administració |9 20262 | ||
| 650 | |a Parcs agrícoles |x Catalunya |9 20263 | ||
| 901 | |a Arxiu | ||
| 942 | |n 1 | ||
| 952 | |0 0 |1 0 |4 0 |6 C2352 |7 1 |9 41512 |a Arxiu |b Arxiu |d 2016-12-01 |l 0 |o C-2-352 |p 16581 |r 2016-12-01 00:00:00 |w 2016-12-01 |y ARXIU | ||
| 999 | |c 43320 |d 43320 | ||